HISTOIRE DE LA PHILOSOPHIE/

INCLUYE BIBLIOGRAFIA E INDICES

Guardado en:
Detalles Bibliográficos
Autor principal: Steenberghen, Fernand van (autor)
Formato: Libro
Temas:
Etiquetas: Agrega una etiqueta
Sin etiquetas, Sé el primero en etiquetar este registro!

MARC

LEADER 00000nam^a2200000^a^4500
001 000219866
005 20250521000000.0
009 20260310103827.982
035 |a 012699 
037 |a Acervo Xavier Clavigero 
082 |a 109.  |b STE 
100 |a Steenberghen, Fernand van  |e (autor) 
245 1 0 |a HISTOIRE DE LA PHILOSOPHIE/  |c FERNAND VAN STEENBERGHEN 
264 |a LOUVAIN :  |b PUBLICATIONS UNIVERSITAIRES,  |c 1964 
300 |a V.- 
336 |a texto  |b txt  |2 rdacontenido 
337 |a sin mediación  |b n  |2 rdamedio 
338 |a volumen  |b nc  |2 rdasoporte 
520 |a INCLUYE BIBLIOGRAFIA E INDICES 
520 |a CONTENIDO: V.1 PERIODE CHRETIENNE 
649 |a XX 
650 |a Filosofía -  |x Historia y Crítica 
910 |a Fondo General 
920 |a Impresos - Libros 
930 |a Colección General 
905 |a 101 
901 |a 012699  |b IT1  |c ACC  |i 012699  |u 20250521 
902 |a https://opac.biblio.iteso.mx/vufind/Record/000219866